| LEADER | 00365cam a2200133 7i4500 | ||
|---|---|---|---|
| 001 | 0000027364 | ||
| 005 | 20111214090000.0 | ||
| 090 | 0 | 0 | |a T 382.7 |b PAK (PAK) |
| 245 | 0 | 0 | |a Pakistan customs tariff 2011 - 2012. |
| 260 | 0 | 0 | |a [S.l]: |b [s.n], |c 2011. |
| 300 | # | # | |a 343 p. |
| 650 | 0 | 0 | |a Tariff -- |z Pakistan |
| 651 | 0 | 0 | |a Pakistan |
| 999 | |a 0000029726 |b Book |c Tariffs |e Business Information Centre | ||